Lenin portréjához
Elmentve itt :
| Szerző: | |
|---|---|
| Adatforrás: | Philobibl |
| Forrásdokumentuma: | Korunk, 1970/3 344-346. p. |
| Dokumentumtípus: | Cikk |
| Nyelv: | magyar |
| Kulcsszavak: | leninizmus |
| LEADER | 00289nab a2200109 c 4500 | ||
|---|---|---|---|
| 001 | bibDOK00015028 | ||
| 005 | 20200924121001.7 | ||
| 008 | 060518s1970 xx hun | ||
| 100 | 1 | |a Szegő Katalin | |
| 245 | 1 | 0 | |a Lenin portréjához |c Szegő Katalin |
| 695 | |a leninizmus | ||
| 773 | 0 | |t Korunk, 1970/3 |g 344-346. p. | |